1218 1163 1387 1632 1278 1265 1221 1183 1811 1367 1515 1994 1169 1017 1412 1168 1365 1093 1188 1882 1652 1454 1055 1711 1778 1620 1090 1852 1303 1226 1592 1345 1727 1709 1163 1381 1737 1690 1472 1659 1479 1542 1891 1830 1262 1909 1450 1812 1693 1091 1110 1671 1306 1640 1761 1026 1576 1809 1962 1661 1695 1077 1824 1321 1408 1371 1885 1366 1403 1969 1304 1403 1563 1347 1851 1747 1578 1690 1713 1917 1424 1640 1330 1499 1011 1896 1461 1195 1511 1548 1551 1907 1119 1529 1609 1953 1734 1341 1598 BCNSPRNW ULIB Ver.6.0+V

เปลี่ยนเป็นภาษาไทย

Change to English
 แสดงรายละเอียดบรรณานุกรม
  กลับหน้าหลัก

Brief Record : Get Marc (ISO 2709) : E-mail record : QR code < ปิดหน้าต่าง
LEADER : 00000nam 2200000uu 4500
001    13399125626
003     ULIB
008    170711s2559||||th 000 0 tha d
020    ^a9786167793207
060  0 ^aWB327^bห177ร
100 0  ^aหมอแมว มีหมี
245 00 ^aเรื่องสุขภาพสนุกๆสไตล์หมอแมว /^cหมอแมว มีหมี
260    ^aกรุงเทพฯ :^bบริษัทต้นมะนาวพับลิชชิ่ง,^c2559
300    ^a192 หน้า ;^c21 ซม.
650  0 ^aสุขภาพ
945    ^p0^l0^i002603
999    ^aประนอม เกษจรัล
รายการนี้ยังไม่มีแท็ก
คุณยังไม่ได้ล็อกอิน คุณสามารถมีกิจกรรมร่วมกับเว็บไซต์ได้ แต่ต้องล็อกอินก่อน ::
  ล็อกอิน

รายการสื่อสารสนเทศ

ลำดับที่ ประเภท เลขเรียก/บาร์โค้ด สถานที่ สถานะ
1. วิทยาศาสตร์การแพทย์ และสุขภาพ
วิทยาศาสตร์การแพทย์ และสุขภาพ
WB327 ห177ร ฉ.1 
  Barcode: 002603
ห้องสมุดวิทยาเขตสวรรค์ประชารักษ์
►หนังสือทั่วไป
บนชั้น

รายการใกล้เคียง
    ผู้แต่ง [หมอแมว มีหมี]

    หัวเรื่อง [สุขภาพ]

BibComment


ยังไม่เคยถูกคอมเมนท์

คอมเมนท์ทรัพยากรรายการนี้
  คอมเมนท์: เรื่องสุขภาพสนุก..


 Copyright 2026. Bcnsprnw @Library